Réponse contenant la lettre A - Statistiques

Statistiques générales
  • Ce quiz a été pris 37 fois
  • Le résultat moyen est 5 sur 6
Statistiques - réponses
explications réponse % Correct
Animal qui tisse des toiles Araignée
97%
Auxiliaire de possession Avoir
93%
On le prend pour voler Avion
87%
Animal avec un grand cou Girafe
70%
Notre pays France
67%
Vêtement long pour les jambes Pantalon
67%
Aucun quiz correspondant
Distribution des résultats
% des personnes avec chaque résultat
Percentile par nombre de réponses
Votre historique - résultats
Vous n’avez pas pris ce quiz